00661 a2200181 45000010006000000050017000060080041000230030015000640400040000790800035001192450086001542640034002403000019002745050126002930410008004191000031004277000021004584673020260407155738.0260407a1976 arg spa dAR-UNSa-BCEJYS aAR-UNSa-BCEJYSbspacAR-UNSa-BCEJYS a347.72xSociedades comerciales10aSociedades Comercialespanálisis y comentario de la Ley 19550 y Complementarias 1aBuenos Aires :bDepalmac1976 a540 p.c23 cm. a1. Disposiciones generales - 2. De las sociedades en particular - 3. De las disposiciones de aplicación y transitorias. aspa1 aGarcia Cuerva, Héctor M.1 aArecha, Martín